Регионална библиотека "Любен Каравелов" - Русе

Ханс Арп (Запис номер 49020)

MARC детайли
000 -Лидер
Контролно поле с фиксирана дължина 01481nam a2200397 c 4500
003 - Код на организацията, давaща контролен номер
Контролно поле BLK
005 - Дата и час на последна редакция
Контролно поле 20240607152639.0
008 - Елементи от данни с фиксирана дължина
fixed length control field 180408b bul|||||r ||||||| ||bul||
010 ## - Наследен системен номер
LC control number KNG00052843000
040 ## - Източник на каталожния запис
Идентификатор на билиотеката - собственик на записа BLK
041 ## - Код за език
Код за езика на текст/звукозапис или на отделно заглавие Руски
Код за езика КДБФ Руски
080 ## - УДК
Текстов определител УДК Скулптори
УДК код - определител по УДК 730.071.1
УДК определител (430)(092)
УДК - код + определител 730.071.1(430)(092)
080 ## - УДК
Текстов определител УДК Графици
УДК код - определител по УДК 76.071.1
УДК определител (430)(092)
УДК - код + определител 76.071.1(430)(092)
080 ## - УДК
Текстов определител УДК Немски и френски поет, художник, график и скулптор(1886-1966)
УДК код - определител по УДК 929 Арп, Ханс
УДК - код + определител 929 Арп, Ханс
139 ## - Редно поле
Редна дума Ханс Арп
Авторски знак Арн - А 87
245 10 - Сведения за заглавието
Заглавие Ханс Арп
Подзаглавни данни 1886 - 1966: Скульптура, графика
257 ## - Страна на издаване
Страна на създаване/издаване Германия
260 ## - Област на издателските данни
Име на издателя, разпространителя и проч. Гос. муз. изобразителных искусств имени А.С.Пушкина
Година на издаване 1990
300 ## - Физическа характеристика
Страници 194 с
Илюстрации и др. с ил
Размери/Мащаб 28 см
380 ## - Жанр
Жанр Изкуство
600 14 - Име на лице, използвано като предмет
За него / За нея Арп, Ханс
9 (RLIN) 282492
650 #4 - Допълнително описание по предмет – тема
Основно описание – тема или топоним Скулптори, немски - биографии
9 (RLIN) 282493
650 #4 - Допълнително описание по предмет – тема
Основно описание – тема или топоним Графици, немски
9 (RLIN) 281600
650 #4 - Допълнително описание по предмет – тема
Основно описание – тема или топоним Арп, Ханс
9 (RLIN) 282492
653 ## - Ключова дума – ненормативна
Ключова дума Ханс Арп
653 ## - Ключова дума – ненормативна
Ключова дума немски скулптори
653 ## - Ключова дума – ненормативна
Ключова дума немски графици
653 ## - Ключова дума – ненормативна
Ключова дума биографии
852 ## - Местоположение
Форматна сигнатура Цб Гр А ІІ 3995
856 4# - Електронен адрес и достъп
Електронен формат pdf - файл
856 4# - Електронен адрес и достъп
Електронен формат pdf - файл
942 ## - АРТИКУЛИ
Вид на библиотечния материал Книги
Скрит в OPAC Не
944 ## - СЪЗДАВАНЕ И РЕДАКЦИЯ на ЗАПИСА
Създаване/Редакция Създаване
Дата на регистрацията/редакция 01.01.1999
Служител, извършил регистрацията/редакцията 30553
Статус, дата на статуса Иваничка Йорданова
944 ## - СЪЗДАВАНЕ И РЕДАКЦИЯ на ЗАПИСА
Създаване/Редакция Редакция
Дата на регистрацията/редакция 07.02.2017
Служител, извършил регистрацията/редакцията Лили_Борисова
999 ## - СИСТЕМНИ КОНТРОЛНИ НОМЕРА
Koha biblionumber 49020
Koha biblioitemnumber 49020
999 ## - СИСТЕМНИ КОНТРОЛНИ НОМЕРА
Koha biblioitemnumber 49020
Наличности
Код за отписване Код за изгубен артикул Източник на класификационната схема Код за повреда Коз за рестрикции Код за отдаване Артикулен № Име на библиотеката - собственик Име на библиотеката, в която се намира в момента Статус (Текущо местоположение) Дата на вписване в системата Местоположение - отдел Цена в лева Инвентарен номер Систематично азбучна сигнатура Баркод Номер на екземпляра Цена в евро Служебна бележка Служебен тип на артикула
  Не е изгубен Universal Decimal Classification Не е повреден без рестрикции заемане за дома 76845 Регионална библиотека "Любен Каравелов" Русе Регионална библиотека "Любен Каравелов" Русе Отдел Изкуство - подръчен фонд 2002-01-01 Отдел Изкуство - подръчен фонд 45.00 120000902085 И 730(092)/А87Х 120000902085 1 23.01 Дост: Da Дата: 01.01.1990 Книги
Vip Innovations Ltd, Rousse, Bulgaria 2025